000 00788cam a22002773a 4500
001 20898
003 PGUSA
005 20140828083438.0
008 070325s2007||||xxu|||||s|||||000 1 eng d
040 _aPGUSA
_beng
042 _adc
050 4 _aPS
100 1 _aSmith, E. E.
_q(Edward Elmer),
_d1890-1965
245 1 4 _aThe Galaxy Primes
_h[electronic resource] /
_cE. E. Smith
260 _bProject Gutenberg,
_c2007
506 _aPublic domain in the USA.
516 _aElectronic text
653 _aInterplanetary voyages -- Fiction
653 _aFantasy fiction
653 _aScience fiction
653 _aAdventure stories
653 _aSpace and time -- Fiction
830 0 _aProject Gutenberg
_v20898
856 4 0 _uhttp://www.gutenberg.org/ebooks/20898
942 _cEB
999 _c250153
_d250153